|
|
|
|
| LEADER |
00000nam a22000007a 4500 |
| 005 |
20170905003352.0 |
| 007 |
cr|||| |||| |
| 008 |
170905s2016 es |||||s|||| 00||0 spa d |
| 020 |
|
|
|a 978-84-9085-982-7
|
| 035 |
|
|
|a 20516
|
| 040 |
|
|
|a vLex
|
| 090 |
|
|
|c 6916
|d 6916
|
| 100 |
1 |
|
|a Nieto Morales, Concepcin̤
|
| 245 |
1 |
2 |
|a La intervencin̤ comparada con menores en desproteccin̤ y en conflicto con la ley en diferentes pas̕es
|h [Recurso electrn̤ico] /
|c Concepcin̤ Nieto Morales
|
| 256 |
|
|
|a Servicio en ln̕ea
|
| 260 |
|
|
|a Madrid:
|b Dykinson,
|c 2016
|
| 300 |
|
|
|a 1 recurso electrn̤ico
|
| 506 |
1 |
|
|a Disponible solo en los productos indicados
|d vLex Global
|d vLex Global (Academic Edition, excluding Law Schools)
|d vLex Global (U.S. Academic Edition, Law Schools)
|d vLex Global (U.S. Academic Edition, excluding Law Schools)
|d vLex Global (Academic Edition, Law Schools)
|
| 650 |
0 |
4 |
|a Derecho Pb︢lico y Administrativo
|z Espaą
|
| 650 |
0 |
4 |
|a Derechos y Deberes fundamentales
|z Espaą
|
| 650 |
0 |
4 |
|a Delitos contra las personas
|z Espaą
|
| 740 |
0 |
|
|a vLex Libros (Servicio en ln̕ea)
|
| 856 |
4 |
0 |
|u http://vlex.com/source/intervencion-comparada-menores-desproteccion-conflicto-ley-diferentes-paises-20516
|z Acceso restringido
|
| 942 |
|
|
|c EURO
|
| 999 |
0 |
|
|a Public and Administrative Law
|
| 999 |
0 |
|
|a Fundamental Rights and Duties
|
| 999 |
0 |
|
|a Offenses against persons
|